[Event "13. Olimpiada por Equipos de Ajedrecist"]
[Site "Heraklio GRE"]
[Date "2008.10.27"]
[Round "8.2"]
[White "Wassin, Sergej"]
[Black "Bischoff, Dieter"]
[Result "1-0"]
[WhiteElo "2325"]
[BlackElo "2144"]
[PlyCount "91"]
[EventDate "2008.10.18"]
[EventType "team-"]
[EventRounds "9"]
[EventCountry "GRE"]
[Source "lmi"]
[SourceDate "2008.10.19"]

1. d4 Nf6 2. c4 g6 3. Nc3 Bg7 4. g3 O-O 5. Bg2 d6 6. Nf3 Nc6 7. O-O Rb8 8. Nd5
Ne8 9. b3 Bg4 10. Bb2 Qd7 11. Re1 Rd8 12. Qc2 h6 13. Rad1 Kh7 14. Ne3 Bh3 15.
d5 Nb8 16. Bxg7 Nxg7 17. Bh1 Na6 18. b4 Qa4 19. Rb1 Bc8 20. Nd4 Qe8 21. a3 Nb8
22. Qc3 e5 23. dxe6 fxe6 24. c5 d5 25. Nf3 Rxf3 26. Bxf3 d4 27. Qd3 dxe3 28.
Qxe3 Nc6 29. Red1 Nf5 30. Qf4 Nfd4 31. Qxc7+ Rd7 32. Qf4 Rf7 33. Qe3 Nxf3+ 34.
exf3 Rd7 35. b5 Rxd1+ 36. Rxd1 Ne7 37. Qe5 Kg8 38. a4 Kf7 39. Rd6 Nd5 40. c6
Qe7 41. h4 bxc6 42. bxc6 Qf6 43. Rxd5 exd5 44. Qc7+ Qe7 45. Qxc8 h5 46. c7 1-0

[Event "13. Olimpiada por Equipos de Ajedrecist"]
[Site "Heraklio GRE"]
[Date "2008.10.27"]
[Round "8.3"]
[White "Draghici Flutur, Gavril"]
[Black "Suder, Ryszard"]
[Result "1/2-1/2"]
[WhiteElo "2153"]
[BlackElo "2174"]
[PlyCount "120"]
[EventDate "2008.10.18"]
[EventType "team-"]
[EventRounds "9"]
[EventCountry "GRE"]
[Source "lmi"]
[SourceDate "2008.10.19"]

1. e4 Nf6 2. e5 Nd5 3. d4 d6 4. c4 Nb6 5. f4 Bf5 6. Nc3 dxe5 7. fxe5 e6 8. Be2
Bb4 9. Nf3 c5 10. Be3 Nc6 11. O-O Bxc3 12. bxc3 O-O 13. d5 exd5 14. Bxc5 Re8
15. Nd4 Bg6 16. Nxc6 bxc6 17. cxd5 Qxd5 18. Qxd5 cxd5 19. Bd4 Nc4 20. Bxc4 dxc4
21. Rf2 a6 22. Re1 Rab8 23. Bc5 Bd3 24. Bd6 Rb6 25. Rc1 Re6 26. Bc5 Rb5 27. Bd4
Re7 28. a4 Rb3 29. a5 Rb5 30. Ra2 Reb7 31. h3 Rb2 32. Rxb2 Rxb2 33. Re1 Bf5 34.
Rf1 Be6 35. Rf2 Rb5 36. Ra2 Kf8 37. Kf2 Ke7 38. Kg3 Bd5 39. Kf4 Ke6 40. g4 Rb1
41. Kg3 Bc6 42. Bf2 Rb3 43. Bd4 Rb1 44. Bf2 Rc1 45. Bd4 Bb5 46. Re2 Ra1 47. Bb6
Ra3 48. Re3 Ra2 49. Rf3 Rd2 50. Bd4 Ra2 51. Bb6 Bc6 52. Re3 Rg2+ 53. Kh4 h6 54.
Re1 Rd2 55. Re3 Rd3 56. Kg3 g6 57. Rxd3 cxd3 58. Kf2 Kxe5 59. Ke3 Bb5 60. Bd4+
Ke6 1/2-1/2

[Event "13. Olimpiada por Equipos de Ajedrecist"]
[Site "Heraklio GRE"]
[Date "2008.10.27"]
[Round "8.5"]
[White "Grybas, Gintaras"]
[Black "Crouch, Colin S"]
[Result "1/2-1/2"]
[WhiteElo "2063"]
[BlackElo "2359"]
[PlyCount "139"]
[EventDate "2008.10.18"]
[EventType "team-"]
[EventRounds "9"]
[EventCountry "GRE"]
[Source "lmi"]
[SourceDate "2008.10.19"]

1. d4 Nf6 2. c4 e6 3. Nf3 c5 4. e3 cxd4 5. Nxd4 a6 6. Nc3 Qc7 7. Be2 Be7 8. O-O
O-O 9. b3 d6 10. Bb2 Nbd7 11. Qc2 Ne5 12. Nf3 Bd7 13. Nxe5 dxe5 14. Bf3 Rac8
15. Rac1 Be8 16. Rfd1 Nd7 17. Rd2 f5 18. e4 Bg5 19. Rcd1 Bxd2 20. Qxd2 f4 21.
Ba3 Rf6 22. Bg4 h5 23. Bh3 g5 24. Bf5 Bf7 25. Be7 exf5 26. Qxd7 Qxd7 27. Rxd7
Be8 28. Rd2 Re6 29. Bxg5 fxe4 30. Nxe4 Bc6 31. Nc3 Kf7 32. h4 b5 33. cxb5 axb5
34. a4 bxa4 35. Nxa4 Bxa4 36. bxa4 Rb6 37. f3 Ke6 38. Kf2 Ra6 39. g3 Rxa4 40.
gxf4 exf4 41. Re2+ Kf5 42. Rd2 Rc3 43. Kg2 Raa3 44. Rf2 Rab3 45. Bh6 Rb1 46.
Rd2 Rc4 47. Bg5 Rcc1 48. Ra2 Rg1+ 49. Kf2 Rbf1+ 50. Ke2 Rg2+ 51. Kxf1 Rxa2 52.
Ke1 Rg2 53. Bh6 Rh2 54. Bg5 Ke5 55. Kf1 Ra2 56. Ke1 Ra7 57. Ke2 Rf7 58. Kf2 Kd5
59. Ke2 Kc4 60. Kd2 Rd7+ 61. Ke2 Rd4 62. Bf6 Rd7 63. Bg5 Rf7 64. Kd2 Rf5 65.
Bh6 Kd5 66. Ke2 Rf7 67. Bg5 Ke5 68. Kf2 Rg7 69. Bh6 Rg3 70. Bf8 1/2-1/2

[Event "13. Olimpiada por Equipos de Ajedrecist"]
[Site "Heraklio GRE"]
[Date "2008.10.28"]
[Round "8.5"]
[White "Hilton, Stephen H"]
[Black "Kalik, Jan"]
[Result "1/2-1/2"]
[WhiteElo "1907"]
[BlackElo "2022"]
[PlyCount "54"]
[EventDate "2008.10.18"]
[EventType "team-"]
[EventRounds "9"]
[EventCountry "GRE"]
[Source "lmi"]
[SourceDate "2008.10.19"]

1. d4 d5 2. Nf3 Nf6 3. e3 Bf5 4. Bd3 Bxd3 5. Qxd3 c6 6. O-O g6 7. b3 Bg7 8. Bb2
Ne4 9. c4 O-O 10. Nc3 Nxc3 11. Bxc3 Re8 12. Rfd1 e6 13. Rac1 Qe7 14. Qe2 Nd7
15. Ne5 Nxe5 16. dxe5 Red8 17. f4 Bf8 18. cxd5 exd5 19. Rf1 Bg7 20. Qg4 Rac8
21. Qg3 Qe6 22. Qh4 c5 23. Rcd1 Qf5 24. Rd2 Qe4 25. Qf2 Rd7 26. Rfd1 Rcd8 27.
Qf3 Qxf3 1/2-1/2

[Event "13. Olimpiada por Equipos de Ajedrecist"]
[Site "Heraklio GRE"]
[Date "2008.10.27"]
[Round "8.5"]
[White "Ross, Chris N"]
[Black "Novikovas, Anatolijus"]
[Result "1-0"]
[WhiteElo "2172"]
[BlackElo "1901"]
[PlyCount "115"]
[EventDate "2008.10.18"]
[EventType "team-"]
[EventRounds "9"]
[EventCountry "GRE"]
[Source "lmi"]
[SourceDate "2008.10.19"]

1. d4 Nf6 2. c4 e6 3. Nf3 b6 4. g3 Ba6 5. b3 Bb4+ 6. Bd2 Be7 7. Bg2 c6 8. Bc3
d5 9. Ne5 Nfd7 10. Nxd7 Nxd7 11. Nd2 O-O 12. O-O Rc8 13. Re1 c5 14. cxd5 exd5
15. Rc1 Nf6 16. e3 c4 17. bxc4 Bxc4 18. Nxc4 Rxc4 19. Bf1 Rc7 20. Re2 Ne4 21.
Be1 Bd6 22. Rxc7 Qxc7 23. Qb3 Qc4 24. Rc2 Qxb3 25. axb3 f5 26. Rc6 Bb8 27. Bb4
Rd8 28. Ba6 Nd6 29. Kf1 Kf7 30. Ke2 g5 31. Bd3 Kf6 32. h3 h6 33. g4 fxg4 34.
hxg4 Kg7 35. f3 a5 36. Ba3 b5 37. Bxd6 Bxd6 38. Bxb5 Bb4 39. Rc7+ Kf8 40. Kd3
Rd6 41. Bc6 Be1 42. e4 dxe4+ 43. fxe4 Bg3 44. Rc8+ Ke7 45. Bb5 Rd8 46. Rxd8
Kxd8 47. e5 Ke7 48. Ke4 Bf2 49. d5 Bc5 50. Kf5 Kf7 51. d6 Kg7 52. Bc6 Bb4 53.
Ke6 Kf8 54. Kf6 Bc5 55. Kg6 Bb4 56. Kxh6 Kf7 57. Bd5+ Ke8 58. Kxg5 1-0

[Event "13. Olimpiada por Equipos de Ajedrecist"]
[Site "Heraklio GRE"]
[Date "2008.10.27"]
[Round "8.5"]
[White "Rutkauskas, Gediminas"]
[Black "Lilley, Graham"]
[Result "1-0"]
[WhiteElo "2002"]
[BlackElo "2115"]
[PlyCount "93"]
[EventDate "2008.10.18"]
[EventType "team-"]
[EventRounds "9"]
[EventCountry "GRE"]
[Source "lmi"]
[SourceDate "2008.10.19"]

1. e4 c5 2. Nf3 Nc6 3. d4 cxd4 4. Nxd4 g6 5. Nc3 Bg7 6. Be3 Nf6 7. Bc4 O-O 8.
Bb3 d6 9. h3 Nxd4 10. Bxd4 Bd7 11. O-O b5 12. a3 Bc6 13. Qd3 a5 14. Rad1 b4 15.
axb4 axb4 16. Nd5 Bxd5 17. Bxd5 Ra5 18. Qb3 Qb8 19. Rfe1 e5 20. Be3 Nxd5 21.
Rxd5 Rxd5 22. Qxd5 Rc8 23. Ra1 h6 24. Ra7 Rf8 25. Rb7 Qc8 26. Rxb4 Qxc2 27. Rb7
Kh7 28. b4 f5 29. Qxd6 Qxe4 30. Qe7 Rg8 31. Qf7 f4 32. Bc5 g5 33. Kh2 Qg6 34.
Qxg6+ Kxg6 35. b5 Rc8 36. Bd6 e4 37. Rc7 Rd8 38. Rc6 Kf5 39. b6 Bd4 40. Bc7 Rd5
41. b7 Bxf2 42. Rc1 Ba7 43. Ra1 e3 44. Rxa7 e2 45. b8=Q e1=Q 46. Qf8+ Kg6 47.
Ra6+ 1-0

[Event "13. Olimpiada por Equipos de Ajedrecist"]
[Site "Heraklio GRE"]
[Date "2008.10.27"]
[Round "8.7"]
[White "Sereda, Josef"]
[Black "Udupa, Krishna"]
[Result "0-1"]
[WhiteElo "1400"]
[BlackElo "2024"]
[PlyCount "82"]
[EventDate "2008.10.18"]
[EventType "team-"]
[EventRounds "9"]
[EventCountry "GRE"]
[Source "lmi"]
[SourceDate "2008.10.19"]

1. e4 c5 2. c3 d5 3. Bb5+ Nc6 4. exd5 Qxd5 5. Qf3 Be6 6. Bxc6+ bxc6 7. Na3 Nf6
8. c4 Qd7 9. h3 Bf5 10. Qe3 e6 11. Nf3 Bd6 12. O-O O-O 13. b3 Bd3 14. Re1 Nh5
15. Ne5 Bxe5 16. Qxe5 Qd4 17. Bb2 Qxe5 18. Rxe5 Nf4 19. Rxc5 Be4 20. f3 Nd3 21.
Ra5 Nxb2 22. fxe4 Rfd8 23. Ra6 Rxd2 24. Rxc6 Nd1 25. Nb1 Re2 26. Rd6 Re1+ 27.
Kh2 Nc3 28. Nxc3 Rxa1 29. c5 Kf8 30. c6 Ke7 31. Rd7+ Ke8 32. Nb5 Kf8 33. c7 Ke8
34. Rd4 Rxa2 35. Nd6+ Kd7 36. c8=Q+ Rxc8 37. Nxc8+ Kxc8 38. Kg3 Ra3 39. Rb4 a5
40. Rb5 a4 41. Kf2 Rxb3 0-1

[Event "13. Olimpiada por Equipos de Ajedrecist"]
[Site "Heraklio GRE"]
[Date "2008.10.27"]
[Round "8.8"]
[White "Blagojevic, Savo"]
[Black "Alimkhanov, Abdurashid"]
[Result "1/2-1/2"]
[WhiteElo "1400"]
[BlackElo "1400"]
[PlyCount "47"]
[EventDate "2008.10.18"]
[EventType "team-"]
[EventRounds "9"]
[EventCountry "GRE"]
[Source "lmi"]
[SourceDate "2008.10.19"]

1. e4 c5 2. Nf3 e6 3. Nc3 Nc6 4. d4 cxd4 5. Nxd4 Nf6 6. f3 a6 7. Nb3 Be7 8. Be3
b5 9. Be2 Bb7 10. Qd2 d6 11. O-O Qc7 12. Bf4 Ne5 13. Bxe5 dxe5 14. Nd1 Rd8 15.
Bd3 O-O 16. Nf2 Nd7 17. Qe2 Nb6 18. Rfd1 Nc4 19. c3 Bg5 20. Bxc4 bxc4 21. Nd2
Rc8 22. Nf1 Qc5 23. Kh1 Bd8 24. Nh3 1/2-1/2

[Event "13. Olimpiada por Equipos de Ajedrecist"]
[Site "Heraklio GRE"]
[Date "2008.10.27"]
[Round "8.16"]
[White "Klimis, Laertis"]
[Black "Koumtsis, Argiris"]
[Result "1-0"]
[WhiteElo "2033"]
[BlackElo "1400"]
[PlyCount "135"]
[EventDate "2008.10.18"]
[EventType "team-"]
[EventRounds "9"]
[EventCountry "GRE"]
[Source "lmi"]
[SourceDate "2008.10.19"]

1. f4 e6 2. Nf3 Nf6 3. b3 g6 4. Bb2 Bg7 5. e3 b6 6. a4 O-O 7. Be2 Bb7 8. O-O
Nc6 9. Na3 d6 10. Nc4 Ne4 11. Bxg7 Kxg7 12. Qe1 Qf6 13. g4 h6 14. Bd3 Nb4 15.
Qe2 Nxd3 16. Qxd3 Nc5 17. Qe2 d5 18. Nce5 Qe7 19. Nd4 f6 20. Nef3 e5 21. fxe5
fxe5 22. Nb5 a6 23. Nc3 d4 24. exd4 Bxf3 25. Rxf3 Rxf3 26. Qxf3 exd4 27. Qxa8
dxc3 28. Qf3 cxd2 29. Qc3+ Qf6 30. Qxf6+ Kxf6 31. Kf2 Ke5 32. Ke3 Ne4 33. Rf1
a5 34. Ke2 g5 35. Rf3 Kd4 36. Rd3+ Ke5 37. Rd7 c6 38. Rb7 b5 39. axb5 cxb5 40.
Rxb5+ Kd4 41. Rb8 Kc3 42. Rc8+ Kb2 43. Kd1 Nd6 44. Rc6 Ne4 45. Rc4 Nd6 46. Kxd2
Nb5 47. Kd3 Na3 48. Rc5 Nxc2 49. Rxc2+ Kxb3 50. Rc3+ Kb4 51. Kc2 a4 52. Kb2 a3+
53. Rxa3 Kc4 54. Rh3 Kd4 55. Rxh6 Ke4 56. Rf6 Ke5 57. Rf5+ Ke4 58. Rxg5 Kf4 59.
h4 Kg3 60. h5 Kh4 61. Rg6 Kh3 62. h6 Kh4 63. h7 Kh3 64. h8=Q+ Kg3 65. Qc3+ Kh4
66. Rh6+ Kxg4 67. Qf6 Kg3 68. Rg6+ 1-0

[Event "13. Olimpiada por Equipos de Ajedrecist"]
[Site "Heraklio GRE"]
[Date "2008.10.27"]
[Round "8.17"]
[White "Martins, Androildo"]
[Black "Kapnakis, Mihail"]
[Result "1-0"]
[WhiteElo "1400"]
[BlackElo "1400"]
[PlyCount "91"]
[EventDate "2008.10.18"]
[EventType "team-"]
[EventRounds "9"]
[EventCountry "GRE"]
[Source "lmi"]
[SourceDate "2008.10.19"]

1. e4 c5 2. Nf3 d6 3. d4 cxd4 4. Nxd4 Nf6 5. Nc3 e6 6. Bg5 Be7 7. Ndb5 a6 8.
Bxf6 Bxf6 9. Nxd6+ Ke7 10. Nxc8+ Qxc8 11. Qf3 Rd8 12. Be2 Kf8 13. O-O Nc6 14.
Rab1 Nd4 15. Qh3 Nxe2+ 16. Nxe2 Qxc2 17. Ng3 h6 18. Rfc1 Qd3 19. Qh5 Qb5 20. b3
Qxh5 21. Nxh5 Be5 22. Rc5 Bd6 23. Rc4 Rac8 24. g3 Rxc4 25. bxc4 Be7 26. Rxb7 g6
27. Nf4 g5 28. Nh5 Rc8 29. Ra7 Rxc4 30. Ra8+ Bd8 31. Rxd8+ Ke7 32. Ra8 Ra4 33.
Ra7+ Kf8 34. Nf6 Kg7 35. e5 Rxa2 36. Ra8 Kg6 37. g4 h5 38. gxh5+ Kf5 39. h6
Kxe5 40. h7 Kxf6 41. h8=Q+ Kf5 42. Qh3+ Kf6 43. Qf3+ Ke7 44. Ra7+ Kd6 45. Qe4
Rb2 46. Qd4+ 1-0

[Event "13. Olimpiada por Equipos de Ajedrecist"]
[Site "Heraklio GRE"]
[Date "2008.10.27"]
[Round "8.18"]
[White "Hengles, Roberto Carlos"]
[Black "Doulgeridis, Spyridon"]
[Result "1-0"]
[WhiteElo "1976"]
[BlackElo "1400"]
[PlyCount "77"]
[EventDate "2008.10.18"]
[EventType "team-"]
[EventRounds "9"]
[EventCountry "GRE"]
[Source "lmi"]
[SourceDate "2008.10.19"]

1. e4 d6 2. f4 Nf6 3. Nc3 g6 4. Nf3 Bg7 5. e5 dxe5 6. fxe5 Ng4 7. d4 O-O 8. Ne4
Nd7 9. Bc4 c5 10. c3 Nb6 11. Bb3 cxd4 12. cxd4 Nd5 13. O-O e6 14. Nfg5 Nh6 15.
Nd6 Rb8 16. Nge4 Nf5 17. Nxf5 exf5 18. Nd6 Be6 19. Qf3 Qd7 20. Bxd5 Bxd5 21.
Qxd5 Qe6 22. Qxe6 fxe6 23. Bd2 Rfd8 24. Bc3 Bf8 25. Nb5 a6 26. Nd6 Bxd6 27.
exd6 Rxd6 28. Rfe1 Kf7 29. Re5 b5 30. a3 Rc8 31. Rae1 Rd5 32. Rxe6 b4 33. axb4
Rc4 34. Rxa6 Rc7 35. Ree6 Re7 36. Rxe7+ Kxe7 37. Ra7+ Rd7 38. Rxd7+ Kxd7 39.
Kf2 1-0

[Event "13. Olimpiada por Equipos de Ajedrecist"]
[Site "Heraklio GRE"]
[Date "2008.10.28"]
[Round "9.2"]
[White "Dukaczewski, Piotr"]
[Black "Grigorchuk, Sergey"]
[Result "0-1"]
[WhiteElo "2338"]
[BlackElo "2244"]
[PlyCount "118"]
[EventDate "2008.10.18"]
[EventType "team-"]
[EventRounds "9"]
[EventCountry "GRE"]
[Source "lmi"]
[SourceDate "2008.10.19"]

1. e4 e6 2. d4 d5 3. Nd2 Nf6 4. e5 Nfd7 5. f4 c5 6. c3 Nc6 7. Ndf3 Qa5 8. a3
cxd4 9. b4 Qc7 10. cxd4 Nb6 11. Qb3 Bd7 12. Be3 Rc8 13. Rc1 Qd8 14. Bd3 Ne7 15.
Ne2 Nc4 16. Bxc4 dxc4 17. Rxc4 Rxc4 18. Qxc4 Nd5 19. Bd2 a6 20. Nc3 Nxc3 21.
Qxc3 Bc6 22. O-O Be7 23. g4 Qd5 24. h3 O-O 25. Kf2 Rd8 26. Rc1 f6 27. Kg3 fxe5
28. fxe5 Rf8 29. Rf1 h6 30. Rf2 Bd8 31. Qe3 Bb6 32. Bc3 Bd8 33. Bb2 Be7 34. Qd3
Bb5 35. Qe3 Bc6 36. Ne1 Rxf2 37. Qxf2 Qb3+ 38. Kh2 Bh4 39. Qxh4 Qxb2+ 40. Kg1
Qxd4+ 41. Qf2 Qxe5 42. Nc2 Qe4 43. Kh2 e5 44. Ne3 Qf4+ 45. Kg1 Qxf2+ 46. Kxf2
Kf7 47. Nf5 Kf6 48. Kg3 h5 49. Ne3 hxg4 50. Kxg4 g5 51. Nd1 e4 52. Nc3 Bd7+ 53.
Kg3 Ke5 54. h4 gxh4+ 55. Kxh4 Kd4 56. Ne2+ Kd3 57. Nf4+ Kd2 58. Kg5 e3 59. Kf6
e2 0-1

[Event "13. Olimpiada por Equipos de Ajedrecist"]
[Site "Heraklio GRE"]
[Date "2008.10.28"]
[Round "9.3"]
[White "Clemente, Llamero Roberto"]
[Black "Zaja, Stjepan"]
[Result "1-0"]
[WhiteElo "2118"]
[BlackElo "1815"]
[PlyCount "57"]
[EventDate "2008.10.18"]
[EventType "team-"]
[EventRounds "9"]
[EventCountry "GRE"]
[Source "lmi"]
[SourceDate "2008.10.19"]

1. e4 c5 2. Nf3 d6 3. d4 cxd4 4. Nxd4 Nf6 5. Nc3 a6 6. Be3 e6 7. Be2 Be7 8. O-O
O-O 9. f4 b5 10. e5 dxe5 11. fxe5 Nd5 12. Nxd5 exd5 13. Bf3 Be6 14. Nxe6 fxe6
15. Bg4 Rxf1+ 16. Qxf1 Qd7 17. Qf3 Nc6 18. Qh3 Nd8 19. Bb6 Qc6 20. Bxd8 Rxd8
21. Bxe6+ Kh8 22. Bf5 h6 23. Bd3 Rf8 24. Kh1 Bg5 25. Re1 d4 26. Qg4 Qe8 27. Qe4
g6 28. Qxg6 Qxg6 29. Bxg6 1-0

[Event "13. Olimpiada por Equipos de Ajedrecist"]
[Site "Heraklio GRE"]
[Date "2008.10.28"]
[Round "9.3"]
[White "Lindenmair, Anton"]
[Black "Kuvsinov, Anatolij"]
[Result "1/2-1/2"]
[WhiteElo "2121"]
[BlackElo "1979"]
[PlyCount "89"]
[EventDate "2008.10.18"]
[EventType "team-"]
[EventRounds "9"]
[EventCountry "GRE"]
[Source "lmi"]
[SourceDate "2008.10.19"]

1. d4 Nf6 2. c4 g6 3. Nc3 Bg7 4. e4 d6 5. f4 c5 6. d5 O-O 7. Nf3 e6 8. Be2 exd5
9. cxd5 Re8 10. e5 dxe5 11. fxe5 Ng4 12. Bg5 f6 13. exf6 Bxf6 14. Qd2 Bxg5 15.
Qxg5 Ne3 16. Qxd8 Rxd8 17. Kf2 Nf5 18. Rad1 Nd6 19. Ng5 b6 20. Ne6 Bxe6 21.
dxe6 Nc6 22. Nd5 Rf8+ 23. Bf3 Nf5 24. Rhe1 Rae8 25. Nxb6 axb6 26. Bxc6 Nd4+ 27.
Bf3 Rf6 28. Kg3 Nxf3 29. gxf3 Rfxe6 30. Rxe6 Rxe6 31. Rd8+ Kg7 32. Rb8 Kf6 33.
h4 h5 34. Rd8 Ke7 35. Rd2 Kf6 36. Kf4 Rc6 37. Rd8 Re6 38. a4 Rc6 39. Ke4 Ke6
40. Rd5 Kf6 41. Rd8 Ke7 42. Rb8 Kf7 43. Rd8 Ke7 44. Rb8 Ke6 45. Rd8 1/2-1/2

[Event "13. Olimpiada por Equipos de Ajedrecist"]
[Site "Heraklio GRE"]
[Date "2008.10.28"]
[Round "9.3"]
[White "Sakic, Milutin"]
[Black "Vela Ignacio, Jose Manuel"]
[Result "0-1"]
[WhiteElo "2146"]
[BlackElo "2103"]
[PlyCount "56"]
[EventDate "2008.10.18"]
[EventType "team-"]
[EventRounds "9"]
[EventCountry "GRE"]
[Source "lmi"]
[SourceDate "2008.10.19"]

1. e4 e6 2. d4 d5 3. Nc3 Bb4 4. Nge2 dxe4 5. a3 Ba5 6. b4 Bb6 7. Nxe4 Nc6 8.
Bb2 Nf6 9. Qd3 e5 10. dxe5 Qxd3 11. cxd3 Nxe4 12. dxe4 Be6 13. f4 O-O-O 14. g3
Rd7 15. Rd1 Bf2+ 16. Kxf2 Rxd1 17. f5 Bc4 18. f6 gxf6 19. Bh3+ Rd7 20. Bxd7+
Kxd7 21. exf6 Re8 22. Nc3 Ne5 23. Rd1+ Kc8 24. Ke3 Ng4+ 25. Kd4 Bb3 26. Rf1
Rd8+ 27. Kc5 b6+ 28. Kb5 Kb7 0-1

[Event "13. Olimpiada por Equipos de Ajedrecist"]
[Site "Heraklio GRE"]
[Date "2008.10.28"]
[Round "9.4"]
[White "Bischoff, Dieter"]
[Black "Novikovas, Anatolijus"]
[Result "1-0"]
[WhiteElo "2144"]
[BlackElo "1901"]
[PlyCount "75"]
[EventDate "2008.10.18"]
[EventType "team-"]
[EventRounds "9"]
[EventCountry "GRE"]
[Source "lmi"]
[SourceDate "2008.10.19"]

1. d4 Nf6 2. c4 e6 3. Nc3 Bb4 4. Qd2 O-O 5. a3 Bxc3 6. Qxc3 b6 7. Bg5 Bb7 8. f3
d5 9. e3 Nbd7 10. Nh3 h6 11. Bh4 Rc8 12. cxd5 Nxd5 13. Bxd8 Nxc3 14. Bh4 Nd5
15. Bf2 c5 16. Bb5 Rfd8 17. e4 N5f6 18. O-O cxd4 19. Bxd4 a6 20. Be2 b5 21.
Rfc1 g5 22. Nf2 h5 23. Bc3 Ne8 24. Rd1 Nb6 25. Rxd8 Rxd8 26. Nd3 Rc8 27. Bd4
Nd7 28. Rd1 f5 29. exf5 exf5 30. Ne5 Ndf6 31. Bd3 f4 32. Bf5 Rd8 33. Be6+ Kg7
34. Nf7 Ra8 35. Nxg5 Nc7 36. Ba2 Kg6 37. h4 Ncd5 38. Bb1+ 1-0

[Event "13. Olimpiada por Equipos de Ajedrecist"]
[Site "Heraklio GRE"]
[Date "2008.10.28"]
[Round "9.4"]
[White "Grybas, Gintaras"]
[Black "Mueller, Oliver"]
[Result "0-1"]
[WhiteElo "2063"]
[BlackElo "2292"]
[PlyCount "88"]
[EventDate "2008.10.18"]
[EventType "team-"]
[EventRounds "9"]
[EventCountry "GRE"]
[Source "lmi"]
[SourceDate "2008.10.19"]

1. d4 d5 2. Nf3 Nf6 3. Bf4 e6 4. e3 c5 5. c3 Nc6 6. Nbd2 Bd6 7. Bxd6 Qxd6 8.
Bd3 O-O 9. O-O Re8 10. dxc5 Qxc5 11. e4 dxe4 12. Nxe4 Nxe4 13. Bxe4 h6 14. Bxc6
Qxc6 15. Re1 Qc7 16. Qb3 e5 17. h3 Bf5 18. Rad1 Be6 19. Qc2 f6 20. a3 Qf7 21.
Rd2 Rad8 22. Rxd8 Rxd8 23. Rd1 Rxd1+ 24. Qxd1 Qd7 25. Qxd7 Bxd7 26. Nd2 Kf7 27.
f3 f5 28. Kf2 Ke6 29. Ke3 Bc6 30. Kd3 g5 31. Ke3 h5 32. c4 h4 33. b4 b6 34. Kf2
Bd7 35. Ke3 Bc6 36. Kf2 Bb7 37. Ke3 g4 38. c5 bxc5 39. Nb3 cxb4 40. Nc5+ Kd5
41. Nxb7 bxa3 42. Na5 a2 43. Nb3 gxh3 44. gxh3 Kc4 0-1

[Event "13. Olimpiada por Equipos de Ajedrecist"]
[Site "Heraklio GRE"]
[Date "2008.10.28"]
[Round "9.5"]
[White "Sereda, Josef"]
[Black "Armstrong, William G"]
[Result "0-1"]
[WhiteElo "1400"]
[BlackElo "1964"]
[PlyCount "58"]
[EventDate "2008.10.18"]
[EventType "team-"]
[EventRounds "9"]
[EventCountry "GRE"]
[Source "lmi"]
[SourceDate "2008.10.19"]

1. e4 c5 2. Nf3 Nc6 3. Nc3 g6 4. d4 cxd4 5. Nxd4 Bg7 6. Be3 d6 7. Qd2 Nf6 8.
Bd3 Ng4 9. Nde2 Nxe3 10. Qxe3 O-O 11. O-O Nb4 12. a3 Nxd3 13. cxd3 f5 14. Rac1
f4 15. Qd2 f3 16. Ng3 fxg2 17. Kxg2 Qd7 18. Nd5 Qh3+ 19. Kg1 Bh6 20. f4 e5 21.
Rc7 Be6 22. Ne7+ Kh8 23. Qc3 Rxf4 24. Rxf4 Bxf4 25. d4 Rf8 26. Qd3 exd4 27.
Qxd4+ Be5 28. Qd3 Bg4 29. Rc2 Bf3 0-1

[Event "13. Olimpiada por Equipos de Ajedrecist"]
[Site "Heraklio GRE"]
[Date "2008.10.28"]
[Round "9.6"]
[White "Trkaljanov, Vladimir"]
[Black "Pirosca, Alexandru"]
[Result "1-0"]
[WhiteElo "2239"]
[BlackElo "2088"]
[PlyCount "39"]
[EventDate "2008.10.18"]
[EventType "team-"]
[EventRounds "9"]
[EventCountry "GRE"]
[Source "lmi"]
[SourceDate "2008.10.19"]

1. e4 c5 2. Nf3 Nc6 3. Nc3 e5 4. Bc4 Be7 5. d3 Nf6 6. O-O O-O 7. h3 d6 8. Ne2
d5 9. exd5 Nxd5 10. Ng3 Kh8 11. Re1 f6 12. c3 Nb6 13. Bb3 Qc7 14. Qe2 Bd7 15.
Be3 f5 16. Bg5 Bd6 17. Nh4 e4 18. dxe4 Bxg3 19. fxg3 Qxg3 20. Qe3 1-0

[Event "13. Olimpiada por Equipos de Ajedrecist"]
[Site "Heraklio GRE"]
[Date "2008.10.28"]
[Round "9.8"]
[White "Magnusson, Jorgen"]
[Black "Kabyzhanov, Bulat"]
[Result "1-0"]
[WhiteElo "2299"]
[BlackElo "1400"]
[PlyCount "80"]
[EventDate "2008.10.18"]
[EventType "team-"]
[EventRounds "9"]
[EventCountry "GRE"]
[Source "lmi"]
[SourceDate "2008.10.19"]

1. d4 Nf6 2. Bf4 g6 3. e3 Bg7 4. Nf3 O-O 5. h3 c5 6. c3 Qb6 7. Qb3 d6 8. Nbd2
Qxb3 9. axb3 cxd4 10. exd4 Nc6 11. Nc4 Bd7 12. b4 e5 13. dxe5 dxe5 14. Bh2 e4
15. Nfd2 Rfe8 16. b5 Ne7 17. Nd6 Rf8 18. Nxb7 Nf5 19. Nc5 e3 20. Nf3 Rfe8 21.
Nxd7 Nxd7 22. g4 exf2+ 23. Kxf2 Ne3 24. Re1 Nxf1 25. Rxe8+ Rxe8 26. Rxf1 Nc5
27. Rd1 Bh6 28. Be5 f5 29. Rd5 Ne4+ 30. Kg2 fxg4 31. hxg4 Bc1 32. c4 Rc8 33.
Rd4 Nc5 34. Rd6 Nb3 35. Rc6 Re8 36. Rc7 Bxb2 37. Rg7+ Kf8 38. Bxb2 Re2+ 39. Kg3
Rxb2 40. Rxa7 Nc5 1-0

[Event "13. Olimpiada por Equipos de Ajedrecist"]
[Site "Heraklio GRE"]
[Date "2008.10.28"]
[Round "9.9"]
[White "Oza, Rajesh"]
[Black "Murin, Miroslav"]
[Result "1-0"]
[WhiteElo "1916"]
[BlackElo "1861"]
[PlyCount "57"]
[EventDate "2008.10.18"]
[EventType "team-"]
[EventRounds "9"]
[EventCountry "GRE"]
[Source "lmi"]
[SourceDate "2008.10.19"]

1. e4 Nf6 2. e5 Nd5 3. c4 Nb6 4. d4 d6 5. f4 Bf5 6. Bd3 Bxd3 7. Qxd3 dxe5 8.
fxe5 e6 9. Nf3 c5 10. O-O Be7 11. Nc3 cxd4 12. Ne4 Nc6 13. Bf4 O-O 14. Neg5 g6
15. Rae1 Rc8 16. a3 Nd7 17. Ne4 Nc5 18. Nxc5 Bxc5 19. Bh6 Re8 20. Ng5 Rc7 21.
Kh1 Bf8 22. Qh3 Be7 23. Nxf7 Qd7 24. Rf3 Bf8 25. Ref1 Bxh6 26. Nxh6+ Kh8 27.
Rf8+ Rxf8 28. Rxf8+ Kg7 29. Rg8# 1-0

[Event "13. Olimpiada por Equipos de Ajedrecist"]
[Site "Heraklio GRE"]
[Date "2008.10.28"]
[Round "9.10"]
[White "Couwenberg, Pieter"]
[Black "Ruohonen, Teemu"]
[Result "1-0"]
[WhiteElo "1400"]
[BlackElo "1400"]
[PlyCount "88"]
[EventDate "2008.10.18"]
[EventType "team-"]
[EventRounds "9"]
[EventCountry "GRE"]
[Source "lmi"]
[SourceDate "2008.10.19"]

1. e4 e5 2. Nf3 Nc6 3. Bb5 a6 4. Ba4 Nf6 5. O-O Be7 6. Re1 b5 7. Bb3 d6 8. h3
O-O 9. a4 Na5 10. Ba2 bxa4 11. d3 Bd7 12. Bd2 Nb7 13. Nc3 Nc5 14. Be3 Ne6 15.
Nxa4 Bxa4 16. Bxe6 Bxc2 17. Bxf7+ Rxf7 18. Qxc2 Ne8 19. Qc4 a5 20. Rec1 c5 21.
Ra4 Kf8 22. Rca1 Qb6 23. R1a2 Bd8 24. Nxe5 Rfa7 25. Nf3 Qb7 26. e5 Be7 27. exd6
Nxd6 28. Qf4+ Nf7 29. Qf5 Qb3 30. Bxc5 Bxc5 31. Qxc5+ Kg8 32. d4 Rd7 33. Rxa5
Rxa5 34. Rxa5 Qd1+ 35. Kh2 Qe2 36. d5 Nd6 37. Ra7 Qe4 38. Qc7 Qf4+ 39. Kh1 Qf8
40. Qa5 Ne4 41. Rc7 Nxf2+ 42. Kg1 Ne4 43. Qe1 Nc3 44. Qe3 Kh8 1-0